00929nam a22002057a 45000010005000000030006000050050017000110080041000280400029000690500015000980820011001131000032001242450033001562600037001893000025002265050007002515200428002585210019006867000018007053740FISKH20240426093359.0240426b cb ||||| |||| 00| 0 eng d aFISK beng cFISKdFISK  aPZ7.M4116  a813.6  aB. Mason Jane d1807-1832  aPlay dead / cJane B. Mason  aNew York : bScholastic, c2012  a202 pages : c20 cm  aK  aWhen Dodge, a German shepherd police dog, finds himself retired after an accident leaves him deaf in one ear, he's lucky to be adopted by the perfect family. Twelve-year-old Cassie Sullivan, his girl, smells almost as good as a dog, and gets her nose for sleuthing from her police chief mom and coroner dad. Cassie is smart and quick on her feet, and doesn't mind breaking a couple rules to get to the bottom of a mystery. 8 a550 bLexiles  aJane B. Mason